| 000 | 01328nam a2200349 i 4500 | ||
|---|---|---|---|
| 003 | EG-ScBUE | ||
| 005 | 20250525091559.0 | ||
| 008 | 250508t2007 enka f b 001 0 eng d | ||
| 020 | _a9780470017838 | ||
| 020 | _a9780470017845 | ||
| 035 | _a(OCoLC)ocm77522727 | ||
| 035 | _a(OCoLC)77522727 | ||
| 040 |
_aEG-ScBUE _beng _erda _cEG-ScBUE _dEG-ScBUE |
||
| 082 | 0 | 4 |
_a535 _bGRA _222 |
| 100 | 1 |
_aGraham-Smith, Francis, _eauthor. |
|
| 245 | 1 | 0 |
_aOptics and photonics : _ban introduction / _cF. Graham Smith, University of Manchester, UK, Terry A. King, University of Manchester, UK, Dan Wilkins, University of Nebraska at Omaha, USA. |
| 250 | _aSecond edition. | ||
| 264 | 1 |
_aChichester, England : _bJohn Wiley & Sons, Ltd., _c[2007] |
|
| 264 | 4 | _cc2007 | |
| 300 |
_a1 volume (various pagings) : _billustrations (some color) ; _c25 cm |
||
| 336 |
_2rdacontent _atext _btxt |
||
| 337 |
_aunmediated _2rdamedia _bn |
||
| 338 |
_avolume _bnc _2rdacarrier |
||
| 504 | _aIncludes bibliographical references and index. | ||
| 650 | 7 |
_aOptics _vTextbooks. _2BUEsh |
|
| 650 | 7 |
_aPhotonics _vTextbooks. _2BUEsh |
|
| 655 | _vReading book | ||
| 700 | 1 |
_aKing, Terry A., _eauthor. |
|
| 700 | 1 |
_aWilkins, Dan, _d1947-, _eauthor. |
|
| 856 | 4 | 1 |
_3Table of contents only _uhttp://www.loc.gov/catdir/toc/ecip077/2006103070.html |
| 942 |
_cBB _2ddc |
||
| 999 |
_c8154 _d8154 |
||